| 000 | 00597nam a2200241Ia 4500 | ||
|---|---|---|---|
| 005 | 20251020182448.0 | ||
| 008 | 200515s9999 xx 000 0 und d | ||
| 020 | _a978-84-252-2140-8 | ||
| 082 | _a608.7:303/C22 | ||
| 100 | _aCampi, Isabel | ||
| 245 | 0 | _ala idea y la materia. Vol. 1. El diseño de producto en sus orígenes | |
| 260 | _aBarcelona | ||
| 260 | _bGustavo Gili | ||
| 260 | _c2007 | ||
| 300 | _a281 | ||
| 300 | _bil. | ||
| 490 | _aColección GC Diseño | ||
| 500 | _a1 ejemplar | ||
| 650 | _aDISEÑO | ||
| 650 | _aHISTORIA DEL DISEÑO | ||
| 942 | _cLIB | ||
| 999 |
_c756 _d756 |
||